| 000 | 00442nam a2200169Ia 4500 | ||
|---|---|---|---|
| 008 | 230917s9999||||xx |||||||||||||| ||und|| | ||
| 020 | _cPOU3.5 | ||
| 040 |
_e19916 _aMAIN |
||
| 041 | _aEnglish | ||
| 082 | _a301.54 G41L | ||
| 100 | _aGill, Owen | ||
| 245 | 0 | _aLuke street: housing policy,conflicts and the creation of the delinquent area | |
| 250 | _a1st ed. | ||
| 260 |
_aLondon _bMacmillan _c1977 |
||
| 300 | _ax,207 p. | ||
| 942 | _cBK | ||
| 999 |
_c190462 _d190462 |
||